| 000 | 00680na a2200229 4500 | ||
|---|---|---|---|
| 001 | 18990 | ||
| 003 | MIRAKIL | ||
| 005 | 20181213155052.0 | ||
| 008 | 161206b tu 000 0 | ||
| 020 | _a9786054067602 | ||
| 040 |
_aMilas _btur _cTR-AnCHP |
||
| 041 | _atur | ||
| 082 |
_a915.6511 _bY37 2013 |
||
| 090 | _a915.6511 Y37 2013 | ||
| 245 |
_aYeşil Ankara _bAnkara şimdi bir başka güzel _ceditör: Emel Pişmaf |
||
| 246 | _aAnkara şimdi bir başka güzel | ||
| 260 |
_aAnkara _bAnkara Büyükşehir Belediyesi _c2013 |
||
| 300 |
_a[200] s. _bfotoğ.; _c33 sm. |
||
| 651 |
_aAnkara _xKent manzaraları _yFotoğraflar |
||
| 700 | _aPişmaf, Emel | ||
| 942 |
_2ddc _cBKS |
||
| 999 |
_c5954 _d5954 |
||